El extranjero / (Registro nro. 3285)

Detalles MARC
000 -LEADER
fixed length control field 01120nam a2200193 a 4500
008 - CAMPO DE CONTROL (LIBRO)
fixed length control field 161215e2006 ag |||g |||| 001 j spa d
020 ## - INTERNATIONAL STANDARD BOOK NUMBER
ISBN 9789500427777
041 ## - CODIGO DE IDIOMA
Código de idioma del texto/pista de sonido o título separado spa
092 ## - SIGNATURA TOPOGRAFICA DEWEY LOCAL
número de clasificación 808
libristica 10
sección CAM
100 1# - ENTRADA PRINCIPAL--NOMBRE PERSONAL
Nombre personal Camus, Albert.
9 (RLIN) 4332
245 #3 - TITULO PROPIAMENTE DICHO
Título El extranjero /
Mención de responsabilidad y remanente de la transcripción de la portada Albert Camus
250 ## - MENCION DE EDICION
Mención de edición 3a ed.
Mención de responsabilidad relacionada con la ed. Traducción Bonifacio del Carril
260 ## - PIE DE IMPRENTA
Lugar de publicación, distribución, etc Buenos Aires:
Nombre de la editorial, distribuidor, etc Emecé;
Fecha de publicación 2006.
300 ## - DESCRIPCION FISICA
Extension 160 p.
Dimensiones 23x14 cm.
500 ## - NOTA GENERAL
Nota general Camus, A. (2006). El extranjero. (3a ed.). Buenos Aires : Emecé.
505 ## - NOTA DE CONTENIDO
Nota de contenido formateada Extranjero en la tierra, extranjero de su mismo, Meursault vive una angustiosa situación. Íntimamente ajero al alcance moral de sus actos, llega al asesinato, a la prisión, al patíbulo, y no hay para él, en este inevitable proceso, ni rebeldía ni esperanza. En estas páginas magistrales el realismo logra la perfección: Meursault nos refiere su historia, no la de sus razones y sentimientos, sino la de su imposible destino. El extranjero ha fundado la fama de Albert Camus, y es su novela capital. Un verdadero clásico de la literatura contemporánea.
655 ## - MATERIA - GENERO/FORMA
Género/Forma Novela
-- 3091
942 ## - ADDED ENTRY ELEMENTS (KOHA)
Source of classification or shelving scheme Dewey Decimal Classification
Item type LITERATURA
Existencias
Estado de retiro Existencia Fuente de clasificación Estado general No para prestamo Ubicación permanente ubicación actual Sala de ubicación Fecha de adquisición Fuente de adquisición Total Checkouts Número de clasificación Código de barras Date last seen Número de ejemplar Price effective from Koha tipo de elemento (item) Public note Coded location qualifier
    Dewey Decimal Classification     Biblioteca Medicina Biblioteca Medicina Circulación 25/07/2025 Donación Navarro, Adriana. Julio 2025   808 10 CAM 5060 25/07/2025 Ej. 1 25/07/2025 LITERATURA Donación Navarro, Adriana. Julio 2025. Sede Tordos.  

UNIVERSIDAD NACIONAL DEL COMAHUE
Biblioteca de la Facultad de Ciencias Médicas
Sede Toschi: Los Arrayanes y Av. Toschi, Cipolletti  - Rio Negro
Sede Los Tordos:  Yrigoyen al 2211, Cipolletti - Rio Negro 

Teléfono: 0299 - 4774707 int 25
Contacto: biblioteca@facimed.uncoma.edu.ar
© 2011 - 2026